[Event "Match"]
[Site "www.echecsemail.com"]
[Date "2018.01.23"]
[Round "1"]
[White "Billyg"]
[Black "Izastar"]
[WhiteElo "1740"]
[BlackElo "1249"]
[Result "0-1"]
[Round "1"]
1.e4 c5
2.d4 cxd4
3.Ng1f3 Nb8c6
4.Nf3xd4 Nc6xd4
5.Qd1xd4 e6
6.h4 Qd8c7
7.c3 Ng8f6
8.g3 Bf8c5
9.Qd4d2 Nf6xe4
10.Qd2e2 Bc5xf2
11.Kd1 Qc7d6
12.Nb1d2 Ne4xd2
13.Bc1xd2 Bf2xg3
14.Rh1h3 Qd6c7
15.Qe2e3 Bg3e5
16.Qe3g5 Be5f6
17.Qg5g2 d5
18.Kc2 Bc8d7
19.Qg2f2 e5
20.Ra1e1 Bd7xh3
21.Bf1xh3 Qc7e7
22.Bh3g2 Bf6xh4
23.Qf2e2 Bh4xe1
24.Bd2xe1 Ra8d8
25.Qe2g4 O-O
26.Be1h4 f6
27.b4 d4
28.Qg4e4 b6
29.Bh4e1 d3
30.Kd2 Qe7e6
31.c4 Rd8d4
32.Qe4b7 Qe6xc4
33.Be1f2 Qc4c2
34.Ke3 Qc2e2
{ resign }
0-1

[Event "Match"]
[Site "www.echecsemail.com"]
[Date "2018.01.23"]
[Round "1"]
[White "Pellix84"]
[Black "Apdash"]
[WhiteElo "2060"]
[BlackElo "2220"]
[Result "0-1"]
[Round "1"]
1.d4 d5
2.Ng1f3 Ng8f6
3.e3 Bc8g4
4.Bf1e2 e6
5.O-O Bf8d6
6.b3 Nb8d7
7.Bc1b2 O-O
8.Nb1d2 c6
9.c4 c5
10.h3 Bg4h5
11.Nf3e5 Bh5xe2
12.Qd1xe2 Qd8c7
13.f4 Nf6e4
14.Rf1f3 f6
15.Ne5d3 b6
16.Ra1f1 cxd4
17.Bb2xd4 Nd7c5
18.Nd3f2 e5
19.fxe5 Bd6xe5
20.Bd4xe5 Qc7xe5
21.Nf2xe4 dxe4
22.Rf3f5 Qe5b2
23.Rf5d5 Qb2xa2
24.Qe2g4 Ra8e8
25.b4 Nc5d3
26.Nd2xe4 Nd3e5
27.Qg4h5 Qa2xc4
28.Rd5d4 Qc4b3
29.Qh5e2 Ne5c6
30.Qe2c4 Qb3xc4
31.Rd4xc4 Re8e6
32.Rf1c1 Rf8e8
33.Ne4xf6 Re6xf6
34.Rc4xc6 Rf6xc6
35.Rc1xc6 Re8xe3
36.Rc6c7 Re3a3
37.Kf2 Ra3a4
38.Ke3 Ra4xb4
39.Rc7xa7 h6
40.Kd3 Kh7
41.Ra7b7 h5
42.Kc3 Rb4b5
43.Rb7c7 Rb5g5
44.Rc7b7 Rg5xg2
45.Rb7xb6 Rg2g3
46.Kd2 Rg3xh3
{ resign }
0-1

[Event "Match"]
[Site "www.echecsemail.com"]
[Date "2018.01.23"]
[Round "1"]
[White "Azocarfreund"]
[Black "Bjonil60"]
[WhiteElo "1770"]
[BlackElo "1460"]
[Result "1-0"]
[Round "1"]
1.e4 Nb8c6
2.Bf1b5 e6
3.Nb1c3 Ng8f6
4.Bb5xc6 bxc6
5.Ng1f3 d6
6.d4 d5
7.e5 Nf6d7
8.Bc1g5 f6
9.exf6 gxf6
10.Bg5h4 h6
11.Qd1e2 c5
12.Nc3xd5 c6
13.Qe2xe6 Bf8e7
14.Bh4xf6 Rh8h7
15.Qe6g8 Nd7f8
16.Bf6xe7 Qd8d7
17.Qg8xf8 
1-0

[Event "1/128 Finale"]
[Site "www.chess-mail.com"]
[Date "2018.01.23"]
[Round "1"]
[White "Begory"]
[Black "Picifarkinca"]
[WhiteElo "1570"]
[BlackElo "1650"]
[Result "1-0"]
[Round "1"]
1.d4 d5
2.Bc1f4 c6
3.Nb1c3 Ng8f6
4.e3 e6
5.Bf1d3 Bf8d6
6.Bf4g5 Nb8d7
7.Ng1f3 O-O
8.Bg5xf6 Nd7xf6
9.O-O Qd8c7
10.e4 dxe4
11.Bd3xe4 Nf6xe4
12.Nc3xe4 Bd6e7
13.Nf3e5 c5
14.Ne5f3 cxd4
15.Qd1xd4 Rf8d8
16.Qd4c3 Qc7f4
17.Ra1d1 Qf4xe4
18.Rd1xd8 Be7xd8
19.Rf1e1 Qe4c6
20.Qc3d3 Bd8f6
21.Nf3e5 Bf6xe5
22.Qd3d8 { resign }
1-0

[Event "1/32 Finale"]
[Site "www.chess-mail.com"]
[Date "2018.01.23"]
[Round "1"]
[White "Asoka"]
[Black "Julian"]
[WhiteElo "2660"]
[BlackElo "1720"]
[Result "1-0"]
[Round "1"]
1.c4 Ng8f6
2.d4 g6
3.Nb1c3 Bf8g7
4.e4 d6
5.Ng1f3 O-O
6.Bf1e2 c6
7.O-O Bc8g4
8.Bc1e3 Nb8d7
9.h3 Bg4xf3
10.Be2xf3 e5
11.d5 Qd8e7
12.Ra1c1 cxd5
13.cxd5 Rf8c8
14.g3 h5
15.Qd1d2 a6
16.Kg2 b5
17.g4 hxg4
18.hxg4 Nd7f8
19.g5 Nf6h7
20.Bf3g4 f5
21.exf5 gxf5
22.Bg4xf5 Rc8c4
23.Nc3e4 Qe7f7
24.Ne4xd6 Qf7xf5
25.Nd6xf5 Ra8c8
26.Nf5e7 Kf7
27.Ne7xc8 { resign }
1-0

[Event "Fast Game"]
[Site "www.echecsemail.com"]
[Date "2018.01.23"]
[Round "1"]
[White "Claudia"]
[Black "Stevep84"]
[WhiteElo "1910"]
[BlackElo "1930"]
[Result "0-1"]
[Round "1"]
1.e4 c6
2.d4 d5
3.e5 Bc8f5
4.Bf1d3 Bf5xd3
5.Qd1xd3 e6
6.f4 Qd8b6
7.Ng1f3 c5
8.c3 Nb8c6
9.Nb1d2 c4
10.Qd3c2 Ng8e7
11.O-O Ne7f5
12.Rf1e1 Bf8e7
13.Nd2f1 O-O
14.g4 Nf5h6
15.Nf1e3 Kh8
16.f5 Qb6d8
17.Kg2 { time. }
0-1

[Event "Tourn. n9671"]
[Site "www.chess-mail.com"]
[Date "2018.01.24"]
[Round "1"]
[White "Dussek"]
[Black "Tarasch"]
[WhiteElo "1840"]
[BlackElo "1830"]
[Result "0-1"]
[Round "1"]
1.e4 c5
2.Ng1f3 d6
3.d4 cxd4
4.Nf3xd4 Ng8f6
5.Nb1c3 a6
6.Bc1e3 e6
7.f3 b5
8.a3 Bc8b7
9.Qd1d2 Qd8c7
10.Bf1d3 d5
11.O-O-O Nb8d7
12.g4 Nd7c5
13.Bd3e2 dxe4
14.f4 Nf6d5
15.g5 Nd5xe3
16.Qd2xe3 Bf8d6
17.Rh1f1 g6
18.h4 Ra8c8
19.h5 Nc5a4
20.Nc3xa4 bxa4
21.h6 e5
22.fxe5 Bd6xe5
23.c3 O-O
24.Be2g4 Rc8b8
25.Bg4e6 Be5xd4
26.Qe3xd4 fxe6
27.Qd4d7 Qc7xd7
28.Rd1xd7 Rf8xf1
29.Kc2 Rf1f7
{ resign }
0-1

[Event "Tourn. n9680"]
[Site "www.chess-mail.com"]
[Date "2018.01.24"]
[Round "1"]
[White "Attatroll"]
[Black "Bojan"]
[WhiteElo "1910"]
[BlackElo "1960"]
[Result "0-1"]
[Round "1"]
1.d4 d5
2.c4 b6
3.Nb1c3 e6
4.Ng1f3 Ng8f6
5.Bc1g5 Bc8b7
6.e3 Bf8e7
7.Bf1d3 Nb8d7
8.O-O h6
9.Bg5h4 Nf6e4
10.Bh4xe7 Qd8xe7
11.cxd5 exd5
12.Qd1c2 Ne4g5
13.Nf3e5 Nd7xe5
14.dxe5 Qe7xe5
15.f4 Qe5xe3
16.Kh1 Ng5e6
17.Ra1e1 Qe3c5
18.f5 O-O-O
19.fxe6 fxe6
20.Re1xe6 Rh8f8
21.Rf1xf8 Rd8xf8
22.Qc2e2 Bb7c6
23.h3 Rf8f7
24.Qe2g4 Kb7
25.Re6e5 Qc5f2
26.Re5f5 Rf7xf5
27.Qg4xf5 Qf2xb2
28.Nc3xd5 Qb2xa2
29.Bd3e4 Qa2e2
30.Qf5f7 Qe2d1
31.Kh2 Bc6xd5
32.Be4xd5 Ka6
33.Bd5c4 b5
34.Qf7e6 Qd1d6
35.Qe6xd6 cxd6
36.Bc4a2 Kb6
37.Kg3 a5
38.Kf4 g6
39.Ke4 Kc5
40.g4 a4
41.Kd3 b4
42.h4 b3
43.Ba2b1 Kb4
44.g5 hxg5
45.hxg5 a3
46.Kd2 a2
47.Bb1xa2 bxa2
{ resign }
0-1

[Event "Tourn. n9702"]
[Site "www.chess-mail.com"]
[Date "2018.01.24"]
[Round "1"]
[White "Bojan"]
[Black "Mitja"]
[WhiteElo "2050"]
[BlackElo "2020"]
[Result "0-1"]
[Round "1"]
1.b3 d5
2.Bc1b2 e6
3.e3 Ng8f6
4.Ng1f3 c6
5.Nf3e5 Nb8d7
6.d4 Nd7xe5
7.dxe5 Nf6e4
8.Bf1d3 Ne4c5
9.Bd3e2 Bf8e7
10.g3 b6
11.Nb1d2 Bc8b7
12.Nd2f3 h6
13.h4 Qd8c7
14.Nf3h2 Nc5d7
15.f4 O-O-O
16.Be2d3 f6
17.exf6 Be7xf6
18.Bb2xf6 Nd7xf6
19.Qd1f3 Kb8
20.Qf3e2 Rd8e8
21.Nh2f3 Bb7c8
22.Nf3e5 Bc8b7
23.c4 dxc4
24.Bd3xc4 c5
25.O-O Nf6e4
26.Kh2 Re8d8
27.Kh3 g5
28.Bc4xe6 gxh4
29.Qe2h5 Ne4xg3
30.Qh5xh4 Ng3xf1
31.Ra1xf1 Bb7c8
32.Be6xc8 Qc7xc8
33.Kg3 Rh8g8
34.Kf3 Qc8b7
35.e4 Rd8d4
36.Rf1e1 Ka8
37.a3 Qb7g7
38.Qh4h3 Rg8f8
39.Ke3 Qg7b7
40.Qh3f3 Rf8g8
41.Re1h1 Qb7g7
42.Rh1f1 Kb7
43.Ne5c4 Qg7f7
44.e5 Kc7
45.Qf3h3 Qf7g6
46.f5 Qg6g5
47.Ke2 Rd4e4
48.Kd3 Rg8d8
49.Kc2 Re4e2
50.Kb1 b5
51.Qh3f3 Rd8d2
{ resign }
0-1

[Event "Tourn. n9680"]
[Site "www.chess-mail.com"]
[Date "2018.01.24"]
[Round "1"]
[White "Tarasch"]
[Black "Bojan"]
[WhiteElo "1840"]
[BlackElo "1960"]
[Result "1-0"]
[Round "1"]
1.d4 d5
2.c4 dxc4
3.e3 e5
4.Bf1xc4 exd4
5.exd4 Bf8b4
6.Nb1c3 Nb8c6
7.Ng1f3 Qd8e7
8.Bc1e3 Ng8f6
9.O-O Bc8g4
10.Rf1e1 O-O
11.a3 Bb4d6
12.h3 Bg4h5
13.Nc3b5 a6
14.Nb5xd6 Qe7xd6
15.Bc4e2 Nf6e4
16.Qd1c2 Qd6e7
17.Nf3d2 Bh5xe2
18.Re1xe2 Ne4xd2
19.Re2xd2 b6
20.Qc2xc6 Ra8d8
21.Ra1c1 Rd8d7
22.Rd2c2 f6
23.Qc6c4 Rf8f7
24.Qc4xa6 Qe7d6
25.Rc2c6 Qd6f8
26.Qa6b7 Qf8d8
27.Be3f4 Rd7xd4
28.Rc6xc7 Rf7d7
29.Rc7xd7 Rd4xd7
30.Rc1c8 Rd7xb7
31.Rc8xd8 Kf7
32.Rd8b8 Rb7d7
33.Rb8xb6 { resign }
1-0

[Event "Tourn. n9671"]
[Site "www.chess-mail.com"]
[Date "2018.01.24"]
[Round "1"]
[White "Falcoale"]
[Black "Dussek"]
[WhiteElo "1900"]
[BlackElo "1840"]
[Result "1-0"]
[Round "1"]
1.e4 c5
2.Ng1f3 d6
3.Bf1c4 e6
4.O-O Nb8c6
5.a3 Ng8f6
6.d3 Bf8e7
7.Nb1c3 O-O
8.h3 a6
9.Bc1e3 b5
10.Bc4a2 Bc8b7
11.Qd1e2 Qd8c7
12.Ra1c1 Nc6d4
13.Qe2d1 Ra8d8
14.Nf3xd4 cxd4
15.Be3xd4 e5
16.Bd4e3 d5
17.exd5 Nf6xd5
18.Nc3xd5 Bb7xd5
19.Ba2xd5 Rd8xd5
20.Qd1f3 Qc7d6
21.Qf3e2 Rf8c8
22.Qe2g4 Rc8e8
23.Rf1e1 Qd6f6
24.Qg4e4 Re8d8
25.Be3d2 Be7c5
26.Bd2e3 Bc5xe3
27.fxe3 Qf6e6
28.Qe4b4 f6
29.e4 Rd5d4
30.Qb4d2 f5
31.exf5 Qe6xf5
32.Qd2e3 Rd8d5
33.Re1f1 Rd4f4
34.Rf1xf4 Qf5xf4
35.Qe3xf4 exf4
36.Kf2 g5
37.Kf3 Kg7
38.Ke4 Rd5d7
39.d4 Kf6
40.c3 Rd7e7
41.Kf3 Re7e3
42.Kf2 h5
43.Rc1e1 Kf5
44.Re1xe3 fxe3
45.Kxe3 g4
46.h4 a5
47.b3 { resign }
1-0

[Event "Tourn. n9656"]
[Site "www.chess-mail.com"]
[Date "2018.01.24"]
[Round "1"]
[White "Picifarkinca"]
[Black "Cal"]
[WhiteElo "1650"]
[BlackElo "1680"]
[Result "1-0"]
[Round "1"]
1.d4 d5
2.c4 h6
3.Nb1c3 dxc4
4.e4 e6
5.Bf1xc4 Bf8b4
6.Ng1f3 c6
7.O-O Ng8f6
8.e5 Nf6d7
9.Nc3e4 b5
10.Bc4b3 O-O
11.a3 Bb4a5
12.Bb3c2 Bc8b7
13.Ne4d6 Qd8c7
14.Qd1d3 Bb7a6
15.Qd3h7 { resign }
1-0

[Event "Tourn. n9697"]
[Site "www.chess-mail.com"]
[Date "2018.01.24"]
[Round "1"]
[White "Apdash"]
[Black "Bojan"]
[WhiteElo "2160"]
[BlackElo "2010"]
[Result "1-0"]
[Round "1"]
1.e4 g6
2.d4 Bf8g7
3.c3 d5
4.exd5 Qd8xd5
5.Ng1f3 Nb8c6
6.Bf1e2 a6
7.O-O b5
8.Bc1f4 Ra8a7
9.a4 bxa4
10.Ra1xa4 Ng8f6
11.Be2c4 Qd5f5
12.Bf4e3 Ra7a8
13.d5 Nc6e5
14.Nf3xe5 Qf5xe5
15.Be3c5 Nf6g8
16.Bc5d4 Qe5g5
17.Bd4xg7 Bc8h3
18.Qd1f3 Bh3d7
19.Ra4a1 Ng8f6
20.Bg7xh8 h5
21.Bh8xf6 exf6
22.d6 c6
23.Qf3e4 Kf8
24.Qe4e7 { resign }
1-0

[Event "Tourn. n9703"]
[Site "www.chess-mail.com"]
[Date "2018.01.24"]
[Round "1"]
[White "Bojan"]
[Black "Luban"]
[WhiteElo "2050"]
[BlackElo "2130"]
[Result "1-0"]
[Round "1"]
1.e4 c6
2.d4 d5
3.exd5 cxd5
4.a3 e6
5.c4 Ng8f6
6.c5 a6
7.b4 Nb8c6
8.Bc1e3 Bc8d7
9.Bf1d3 b5
10.Nb1d2 e5
11.dxe5 Nc6xe5
12.Bd3c2 Ne5c4
13.Be3f4 Bf8e7
14.Ng1f3 O-O
15.h3 Rf8e8
16.O-O h6
17.Rf1e1 Bd7c6
18.Nf3e5 Ra8c8
19.Nd2f3 Nf6d7
20.Qd1d3 Nd7f6
21.Ne5xc6 Rc8xc6
22.Nf3e5 Rc6e6
23.Ne5g4 g6
24.Re1xe6 { resign }
1-0

[Event "Tourn. n9637"]
[Site "www.chess-mail.com"]
[Date "2018.01.24"]
[Round "1"]
[White "Rons"]
[Black "Aperturaf"]
[WhiteElo "2680"]
[BlackElo "2620"]
[Result "1/2-1/2"]
[Round "1"]
1.e4 e6
2.d4 d5
3.Nb1c3 Ng8f6
4.Bc1g5 Bf8b4
5.e5 h6
6.Bg5d2 Bb4xc3
7.bxc3 Nf6e4
8.Qd1g4 g6
9.Bf1d3 Ne4xd2
10.Kxd2 c5
11.h4 Nb8c6
12.Qg4f4 Qd8a5
13.dxc5 Bc8d7
14.Qf4f6 Rh8g8
15.h5 g5
16.Ra1b1 d4
17.Ng1e2 dxc3
18.Ke1 Qa5xc5
19.Rb1b5 Qc5a3
20.Rb5xb7 Ra8b8
21.Rb7xb8 Nc6xb8
22.Rh1h3 Qa3b4
23.Kd1 g4
24.Rh3g3 Nb8c6
25.Qf6xh6 Nc6xe5
26.Qh6f6 Qb4b1
27.Ne2c1 Ne5xd3
28.Rg3xd3 Qb1b5
29.h6 Rg8g6
30.Qf6h4 Qb5g5
31.Qh4xg5 Rg6xg5
32.Rd3xc3 Rg5h5
33.Rc3c7 Rh5xh6
34.Nc1d3 Rh6h1
35.Kd2 g3
36.fxg3 Rh1h2
37.Nd3e5 Rh2xg2
38.Ke3 Bd7a4
39.Rc7xa7 Ba4xc2
40.Kf3 Rg2d2
41.Ne5xf7 Bc2d1
42.Ke4 Rd2g2
43.Nf7g5 Rg2xg3
44.Ng5xe6 Rg3g4
45.Kd5 Rg4a4
46.Ra7xa4 Bd1xa4
47.Kd6 Ba4d1
48.Ne6d4 Kd8
49.Kc5 Kc7
50.Kb4 Bd1g4
51.a4 Kb6
52.Nd4b3 Bg4f3
{ draw }
1/2-1/2

[Event "Tourn. n9630"]
[Site "www.chess-mail.com"]
[Date "2018.01.24"]
[Round "1"]
[White "Darko10"]
[Black "Gearoidmac"]
[WhiteElo "2800"]
[BlackElo "2340"]
[Result "1-0"]
[Round "1"]
1.c4 e5
2.Nb1c3 f5
3.d4 e4
4.g3 Ng8f6
5.Bc1g5 Bf8e7
6.Ng1h3 h6
7.Bg5xf6 Be7xf6
8.Nh3f4 O-O
9.h4 c6
10.e3 Nb8a6
11.c5 d5
12.cxd6 Qd8xd6
13.Bf1xa6 bxa6
14.Ra1c1 Bf6e7
15.Nc3a4 Ra8b8
16.b3 a5
17.Kf1 Qd6f6
18.Kg2 Be7a3
19.Rc1c2 Rf8d8
20.Na4c5 Rb8b5
21.Qd1h5 Kh7
22.Qh5e2 Rd8d6
23.Rc2c4 Ba3xc5
24.dxc5 Rd6d8
25.Rh1d1 Rb5b4
26.Rd1xd8 Qf6xd8
27.Rc4xb4 axb4
28.Qe2h5 Qd8d7
29.Qh5g6 Kg8
30.g4 fxg4
31.Kg3 a5
32.Qg6xe4 Kf7
33.Qe4c4 Kf6
34.Qc4g8 Ke5
35.Qg8f8 g5
36.hxg5 hxg5
37.Nf4h5 Qd7e6
38.Qf8h8 { resign }
1-0

[Event "Tourn. n9661"]
[Site "www.chess-mail.com"]
[Date "2018.01.24"]
[Round "1"]
[White "Muderfuger"]
[Black "Izastar"]
[WhiteElo "1499"]
[BlackElo "1249"]
[Result "0-1"]
[Round "1"]
1.e4 c5
2.Bf1c4 e6
3.Ng1f3 Nb8c6
4.O-O g6
5.Nb1c3 Bf8g7
6.d3 a6
7.Nf3g5 b5
8.Bc4b3 h6
9.Ng5h3 Bc8b7
10.Nh3f4 Nc6d4
11.e5 Bg7xe5
12.g3 Nd4f3
13.Kg2 Qd8c7
14.Qd1e1 Nf3xe1
15.Kg1 Ne1f3
16.Kg2 Nf3d2
17.Kg1 Nd2xf1
18.Kxf1 d5
19.h4 Ng8e7
20.d4 Be5xd4
21.a4 Bd4xc3
22.bxc3 O-O
23.axb5 axb5
24.Bc1a3 c4
25.Bb3a2 Ra8xa3
26.h5 Rf8a8
27.hxg6 Ne7xg6
28.Nf4xg6 fxg6
29.Ba2xc4 dxc4
30.Ra1xa3 Ra8xa3
31.f4 Ra3a2
32.f5 exf5
33.g4 Qc7f4
34.Ke1 Ra2xc2
35.gxf5 Qf4f2
36.Kd1 Qf2e2
{ resign }
0-1

[Event "Tourn. n9686"]
[Site "www.chess-mail.com"]
[Date "2018.01.24"]
[Round "1"]
[White "Fantomas"]
[Black "Liencam2"]
[WhiteElo "2220"]
[BlackElo "2290"]
[Result "0-1"]
[Round "1"]
1.e4 c5
2.Ng1f3 e6
3.d4 cxd4
4.Nf3xd4 a6
5.Bf1e2 Ng8f6
6.Be2d3 Qd8c7
7.h3 d6
8.Nb1c3 Nb8d7
9.Nd4b3 Bf8e7
10.Bc1e3 O-O
11.O-O b6
12.Nb3d2 Bc8b7
13.Nc3e2 d5
14.f3 Nd7e5
15.Ra1c1 Rf8d8
16.exd5 Nf6xd5
17.Be3f2 Nd5b4
18.Bf2d4 Nb4xa2
19.Rc1a1 Na2b4
{ resign }
0-1

[Event "Tourn. n9597"]
[Site "www.chess-mail.com"]
[Date "2018.01.24"]
[Round "1"]
[White "Tartan"]
[Black "Destructor"]
[WhiteElo "2600"]
[BlackElo "2459"]
[Result "0-1"]
[Round "1"]
1.e4 c5
2.Ng1f3 Nb8c6
3.d4 cxd4
4.Nf3xd4 Ng8f6
5.Nb1c3 e5
6.Nd4b5 d6
7.Bc1g5 a6
8.Nb5a3 b5
9.Nc3d5 Bf8e7
10.Bg5xf6 Be7xf6
11.c3 Bf6g5
12.Na3c2 Ra8b8
13.a4 bxa4
14.Nc2b4 Nc6xb4
15.Nd5xb4 Bc8d7
16.Bf1xa6 Qd8a5
17.Qd1xd6 Rb8b6
18.Qd6d3 Bg5e7
19.Nb4d5 Rb6xb2
20.Nd5xe7 Kxe7
21.O-O-O Rh8b8
22.Qd3xd7 Kf8
23.Qd7d6 Kg8
24.Qd6c6 Rb2b6
25.Qc6c4 Rb6b1
26.Kd2 Rb1b2
27.Ke1 a3
{ resign }
0-1

[Event "Tourn. n9640"]
[Site "www.chess-mail.com"]
[Date "2018.01.24"]
[Round "1"]
[White "Vios"]
[Black "Piekki"]
[WhiteElo "2250"]
[BlackElo "2130"]
[Result "1-0"]
[Round "1"]
1.d4 Ng8f6
2.Ng1f3 g6
3.Bc1g5 Bf8g7
4.Nb1d2 d5
5.c3 Nb8d7
6.e3 c5
7.Bf1d3 c4
8.Bd3c2 O-O
9.O-O Rf8e8
10.Rf1e1 Nd7f8
11.h3 Bc8f5
12.b3 b5
13.Ra1b1 Qd8c8
14.a4 a6
15.bxc4 bxc4
16.Bc2xf5 Qc8xf5
17.Bg5f4 Nf6d7
18.Bf4h2 e5
19.e4 dxe4
20.g4 Qf5e6
21.Nd2xe4 exd4
22.Ne4d6 { resign }
1-0

[Event "Match"]
[Site "www.echecsemail.com"]
[Date "2018.01.24"]
[Round "1"]
[White "Redapond1"]
[Black "Bjonil60"]
[WhiteElo "1700"]
[BlackElo "1460"]
[Result "1-0"]
[Round "1"]
1.d4 d5
2.Bc1f4 e6
3.Nb1c3 Bc8d7
4.e3 Ng8e7
5.Nc3b5 a6
6.Nb5xc7 Qd8xc7
7.Bf4xc7 Nb8c6
8.c3 h6
9.Ng1f3 f6
10.Bc7g3 g6
11.Bf1d3 g5
12.h4 g4
13.Nf3d2 h5
14.c4 dxc4
15.Nd2xc4 e5
16.dxe5 fxe5
17.Nc4d6 Kd8
18.Nd6f7 Ke8
19.Nf7xh8 Bf8g7
20.Nh8g6 Ne7xg6
21.Bd3xg6 Kf8
22.Qd1xd7 Ra8d8
23.Qd7f7 
1-0

[Event "Match"]
[Site "www.echecsemail.com"]
[Date "2018.01.24"]
[Round "1"]
[White "Joseph1983"]
[Black "Apdash"]
[WhiteElo "2200"]
[BlackElo "2240"]
[Result "0-1"]
[Round "1"]
1.Ng1f3 d5
2.b3 Ng8f6
3.Bc1b2 e6
4.e3 c5
5.d4 Nb8c6
6.Bf1d3 Bf8e7
7.O-O Nc6b4
8.Bd3e2 cxd4
9.Bb2xd4 Qd8c7
10.c4 dxc4
 { time }
0-1

[Event "Match"]
[Site "www.echecsemail.com"]
[Date "2018.01.24"]
[Round "1"]
[White "Apdash"]
[Black "Babedad"]
[WhiteElo "2240"]
[BlackElo "2120"]
[Result "1/2-1/2"]
[Round "1"]
1.d4 Ng8f6
2.c4 e6
3.a3 b6
4.Nb1c3 Bc8b7
5.Bc1g5 Bf8e7
6.Qd1c2 h6
7.Bg5h4 c5
8.dxc5 bxc5
9.f3 Nb8c6
10.e3 O-O
11.Ng1h3 Nf6h5
12.Bh4f2 Qd8c7
13.g4 Nc6e5
14.Bf1e2 Ne5xf3
15.Be2xf3 Bb7xf3
16.gxh5 Bf3xh1
17.O-O-O Bh1c6
18.Bf2g3 Qc7b7
19.Rd1g1 f5
20.Nh3f4 Be7d6
21.Nf4xe6 dxe6
22.Bg3xd6 Rf8d8
23.Bd6xc5 Rd8d7
24.Bc5d4 Ra8d8
25.Nc3e2 Qb7c7
26.Ne2f4 Qc7d6
27.c5 Qd6b8
28.Nf4xe6 Bc6e4
29.Qc2c3 Qb8xh2
30.Rg1e1 Rd8c8
31.Ne6xg7 Qh2f2
32.Ng7e6 Rd7b7
33.Qc3d2 Qf2g3
34.Qd2d1 Qg3h2
35.Re1g1 Kh7
36.Rg1e1 Rc8b8
37.Qd1e2 Qh2g3
38.Re1f1 Rb7b3
39.Qe2f2 Qg3xf2
40.Rf1xf2 Rb8g8
41.c6 Rg8g1
42.Kd2 Rb3d3
43.Ke2 Rg1c1
44.c7 Rc1c2
45.Ke1 Rc2c1
{ draw }
1/2-1/2

[Event "Match"]
[Site "www.echecsemail.com"]
[Date "2018.01.24"]
[Round "1"]
[White "Apdash"]
[Black "Gimmyg"]
[WhiteElo "2250"]
[BlackElo "2520"]
[Result "0-1"]
[Round "1"]
1.e4 Nb8c6
2.d4 d5
3.e5 Bc8f5
4.c3 e6
5.Bf1d3 Ng8e7
6.Bc1g5 Bf5xd3
7.Qd1xd3 Qd8d7
8.Ng1f3 Ne7f5
9.Nf3h4 h6
10.Nh4xf5 hxg5
11.Nf5g3 f6
12.exf6 gxf6
13.Qd3g6 Qd7f7
14.Qg6xf7 Kxf7
15.Nb1d2 Bf8d6
16.O-O-O Nc6e7
17.Rd1e1 c5
18.dxc5 Bd6xc5
19.Re1e2 Ne7g6
20.Nd2b3 Bc5d6
21.Ng3f1 Ng6f4
22.Re2d2 Nf4xg2
23.Nf1g3 Bd6f4
24.Kc2 Bf4xd2
25.Nb3xd2 Ng2f4
{ resign }
0-1

[Event "Match"]
[Site "www.echecsemail.com"]
[Date "2018.01.24"]
[Round "1"]
[White "Lcbunghai"]
[Black "Billyg"]
[WhiteElo "2020"]
[BlackElo "1770"]
[Result "1-0"]
[Round "1"]
1.d4 d6
2.c4 h6
3.Ng1f3 Nb8c6
4.g3 Ng8f6
5.Bf1g2 d5
6.cxd5 Qd8xd5
7.Nb1c3 Qd5a5
8.O-O Bc8g4
9.h3 Bg4e6
10.a3 O-O-O
11.e4 Be6c4
12.Rf1e1 e5
13.d5 Qa5b6
14.Qd1c2 Nc6d4
15.Nf3xd4 exd4
16.Nc3d1 Bc4b3
17.Qc2d3 Bb3a4
18.Qd3f3 Bf8c5
19.b4 Bc5e7
20.Nd1b2 Ba4d7
21.Bc1d2 g5
22.Qf3b3 c6
23.Nb2c4 Qb6a6
24.d6 Be7f8
25.Bg2f1 b5
26.e5 bxc4
27.Bf1xc4 Qa6b7
28.exf6 Bf8xd6
29.Qb3d3 Kb8
30.Kh2 Qb7c8
31.Bc4a6 Qc8c7
32.Ra1c1 c5
33.bxc5 Bd6xc5
34.Rc1b1 Bc5b6
35.Rb1c1 Qc7d6
36.Qd3f3 Rh8e8
37.Qf3b7 { resign }
1-0

[Event "Match"]
[Site "www.echecsemail.com"]
[Date "2018.01.24"]
[Round "1"]
[White "Guidom"]
[Black "Vinvangogh"]
[WhiteElo "2170"]
[BlackElo "1190"]
[Result "1-0"]
[Round "1"]
1.e4 d5
2.exd5 Qd8xd5
3.Nb1c3 Qd5e5
4.Qd1e2 Qe5xe2
5.Bf1xe2 e5
6.Nc3d5 Bf8d6
7.Ng1f3 b5
8.O-O Bc8b7
9.Nd5c3 a6
10.d3 Ng8f6
11.Bc1g5 Nb8d7
12.Rf1e1 Nf6g4
13.h3 Ng4xf2
14.Kxf2 O-O
15.Nc3e4 Bd6c5
16.Ne4xc5 Nd7xc5
17.Bg5e7 Rf8e8
18.Be7xc5 e4
19.dxe4 Bb7xe4
20.c3 Ra8d8
21.Ra1d1 Be4c2
22.Rd1xd8 Re8xd8
23.Nf3d4 Bc2e4
24.Be2f3 Be4d3
25.Nd4c6 Bd3f5
{ time. }
1-0

[Event "Match"]
[Site "www.echecsemail.com"]
[Date "2018.01.24"]
[Round "1"]
[White "Gidi5"]
[Black "Liencam2"]
[WhiteElo "2310"]
[BlackElo "2290"]
[Result "1-0"]
[Round "1"]
1.e4 c5
2.Ng1f3 e6
3.d4 cxd4
4.Nf3xd4 a6
5.Nb1c3 Qd8c7
6.g3 Bf8b4
7.Bc1d2 Ng8f6
8.Bf1g2 d6
9.O-O Bb4c5
10.Nd4b3 Bc5a7
11.Rf1e1 e5
12.Bd2e3 Ba7xe3
13.Re1xe3 O-O
14.Re3d3 Rf8d8
15.h3 Bc8e6
16.Nc3d5 Be6xd5
17.exd5 Nb8d7
18.Ra1c1 Nd7b6
19.c4 Nf6d7
20.c5 Nb6a4
21.cxd6 Qc7xd6
22.Rd3d2 Ra8c8
23.Nb3a5 Qd6b6
24.Rc1xc8 Rd8xc8
25.Qd1xa4 Rc8c1
26.Kh2 Nd7f6
27.d6 { resign }
1-0

[Event "Match"]
[Site "www.echecsemail.com"]
[Date "2018.01.24"]
[Round "1"]
[White "Menace"]
[Black "Markos123"]
[WhiteElo "2240"]
[BlackElo "1900"]
[Result "1-0"]
[Round "1"]
1.d4 e6
2.c4 d5
3.Nb1c3 h6
4.cxd5 exd5
5.Ng1f3 f6
6.Bc1f4 Bf8d6
7.Bf4xd6 Qd8xd6
8.e3 Nb8c6
9.Bf1b5 a6
10.Bb5a4 Bc8d7
11.O-O Nc6a5
12.Ba4xd7 Qd6xd7
13.b3 Na5c6
14.a3 Nc6a5
15.Qd1c2 b5
16.b4 Na5c4
17.Qc2g6 Qd7f7
18.Qg6xf7 Kxf7
19.Nc3xd5 Ra8c8
20.Nf3h4 Ke6
21.Nd5f4 Kf7
22.Rf1c1 Ng8e7
23.Nf4d3 g5
24.Nh4f3 Rh8g8
25.a4 c6
26.Nd3c5 a5
27.axb5 cxb5
28.bxa5 Ne7c6
29.a6 Nc6a7
30.h3 Rc8b8
31.Kh2 Rg8d8
32.Nc5d3 Rd8c8
33.Nd3b4 Ke6
34.g4 f5
35.d5 Kd6
36.gxf5 Nc4e5
37.Nf3xe5 Rc8xc1
38.Ra1xc1 Rb8f8
39.Ne5c6 Na7c8
40.a7 Nc8b6
41.e4 Rf8e8
42.f3 Nb6c4
43.Rc1a1 Re8a8
44.Kg3 Nc4e3
45.h4 gxh4
46.Kxh4  { time }
1-0

[Event "1/8 Finale"]
[Site "www.chess-mail.com"]
[Date "2018.01.24"]
[Round "1"]
[White "Nimzo"]
[Black "Chessington"]
[WhiteElo "2880"]
[BlackElo "2770"]
[Result "1/2-1/2"]
[Round "1"]
1.d4 e6
2.e4 d5
3.Nb1c3 Ng8f6
4.e5 Nf6d7
5.f4 c5
6.Ng1f3 Bf8e7
7.Bc1e3 b6
8.h4 Nb8c6
9.h5 O-O
10.Qd1e2 Ra8b8
11.O-O-O c4
12.f5 b5
13.f6 gxf6
14.Nf3h4 f5
15.Qe2f2 Be7xh4
16.Rh1xh4 f6
17.Be3h6 fxe5
18.dxe5 Nc6xe5
19.Qf2g3 Kf7
20.Qg3g7 Ke8
21.Rh4d4 Qd8f6
22.Rd1e1 f4
23.Nc3xd5 exd5
24.Rd4xd5 Rb8b6
25.Rd5xe5 Nd7xe5
26.Qg7xf8 Qf6xf8
27.Bh6xf8 Kxf8
28.Re1xe5 a6
29.a4 Bc8d7
30.Kd2 Kf7
31.Bf1e2 Rb6d6
32.Kc3 Kf6
33.Re5e4 { draw }
1/2-1/2

[Event "Tourn. n9646"]
[Site "www.chess-mail.com"]
[Date "2018.01.25"]
[Round "1"]
[White "Apdash"]
[Black "Joaodelisboa"]
[WhiteElo "2200"]
[BlackElo "2170"]
[Result "0-1"]
[Round "1"]
1.e4 c5
2.Ng1f3 e6
3.d4 cxd4
4.Nf3xd4 Ng8f6
5.f3 Bf8e7
6.c3 O-O
7.Bc1e3 d6
8.Bf1e2 Bc8d7
9.O-O Nb8c6
10.Nb1d2 Ra8c8
11.f4 a6
12.f5 Qd8c7
13.Rf1f3 Nc6xd4
14.Be3xd4 e5
15.Bd4e3 Bd7c6
16.Be2d3 Nf6g4
17.Qd1e2 Ng4xe3
18.Rf3xe3 Qc7b6
19.Nd2c4 Qb6c5
20.Kh1 Bc6b5
21.Nc4a3 Bb5xd3
22.Re3xd3 Qc5b6
23.Rd3d5 Rc8c5
24.Rd5d2 Be7g5
25.Rd2d3 Qb6c6
26.Ra1d1 Rf8d8
27.Rd3d5 b5
28.Na3c2 Rc5xd5
29.Rd1xd5 h6
30.g3 Rd8b8
31.Nc2b4 Qc6b6
32.Rd5d1 Kf8
33.h4 Bg5e7
34.Nb4d5 Qb6b7
35.Qe2h5 f6
36.Kh2 Qb7c6
37.Qh5g4 Rb8b7
38.Qg4e2 Qc6c5
39.Rd1d2 a5
40.Qe2d3 Kf7
41.Qd3e2 Kf8
42.Kh3 Qc5c6
43.b3 Rb7b8
44.Qe2g4 Qc6d7
45.Rd2c2 a4
46.b4 Be7d8
47.Qg4e2 g5
48.a3 Qd7f7
49.c4 Qf7d7
50.Qe2h5 Qd7g7
51.cxb5 gxh4
52.gxh4 Qg7g1
53.Qh5xh6 Kf7
54.Qh6h7 Kf8
55.Qh7h8 Kf7
56.Qh8h5 Kf8
57.Qh5e2 Qg1h1
58.Kg3 Rb8b7
59.Kf2 Rb7g7
60.Rc2c8 Qh1g1
{ resign }
0-1

[Event "Tourn. n9700"]
[Site "www.chess-mail.com"]
[Date "2018.01.25"]
[Round "1"]
[White "Falcoale"]
[Black "Caspito"]
[WhiteElo "1920"]
[BlackElo "1960"]
[Result "0-1"]
[Round "1"]
1.e4 e5
2.Ng1f3 Nb8c6
3.Bf1b5 a6
4.Bb5xc6 dxc6
5.d3 Bc8g4
6.h3 Bg4h5
7.O-O Bf8c5
8.Nb1d2 Qd8f6
9.b3 O-O-O
10.Bc1b2 Bh5xf3
11.Nd2xf3 Bc5d6
12.Bb2c1 h6
13.Bc1b2 g5
14.d4 Ng8e7
15.c4 h5
16.Nf3h2 Kb8
17.Qd1e2 exd4
18.Nh2f3 g4
19.Nf3xd4 Qf6h4
20.Nd4f5 Ne7xf5
21.Bb2xh8 gxh3
22.exf5 hxg2
23.Bh8e5 Qh4h1
{ resign }
0-1

[Event "Tourn. n9607"]
[Site "www.chess-mail.com"]
[Date "2018.01.25"]
[Round "1"]
[White "Cal"]
[Black "Passaroa25"]
[WhiteElo "1670"]
[BlackElo "1730"]
[Result "0-1"]
[Round "1"]
1.e4 Nb8c6
2.Ng1f3 Ng8f6
3.a3 d6
4.Nb1c3 e5
5.h3 Bf8e7
6.d3 Bc8d7
7.Bc1g5 Nc6d4
8.Nc3d5 Nf6xd5
9.Bg5xe7 Nd5xe7
10.c3 Nd4b5
11.a4 Nb5xc3
12.bxc3 Ne7c6
13.Bf1e2 f6
14.O-O O-O
15.Ra1b1 Nc6a5
16.Qd1d2 Bd7xa4
17.c4 Na5b3
18.Qd2b4 Nb3c5
19.Nf3h4 Ba4c2
20.Rb1c1 Bc2xd3
21.Rf1e1 Bd3xe4
22.f3 a5
23.fxe4 axb4
24.Be2g4 g5
25.Nh4f5 Nc5d3
26.Kf1 Nd3xe1
27.Kxe1 c5
28.Nf5h6 Kh8
29.Bg4e6 Qd8e7
30.Be6f5 Qe7g7
31.Nh6g4 h5
32.Rc1d1 hxg4
33.Bf5xg4 Ra8d8
34.g3 Qg7c7
35.Kf2 Qc7a5
36.Bg4e6 Qa5a2
37.Kf3 b6
38.h4 Qa2b3
{ resign }
0-1